[Event "2nd Goa GM Open 2019"]
[Site "Goa"]
[Date "2019.06.25"]
[Round "10.13"]
[White "Thipsay, Praveen M"]
[Black "Turov, Maxim"]
[Result "0-1"]
[WhiteElo "2405"]
[BlackElo "2579"]
[Annotator "TA"]
[PlyCount "84"]
[EventDate "2019.06.17"]
[EventType "swiss"]
[EventCountry "IND"]
[SourceTitle "playchess.com"]
[Source "ChessBase"]
[SourceQuality "1"]

{[%evp 17,132,63,62,21,37,47,50,39,45,35,37,0,48,0,45,0,12,0,15,0,0,0,0,0,-4,-6,-9,-18,0,0,0,0,0,0,7,-17,0,0,0,-14,0,0,0,-13,0,-33,-11,-7,0,-9,0,-14,-8,-6,67,0,79,71,75,56,220,214,233,228,182,-17,-7,-49,-58,-64,-55,-52,-66,-64,-72,-190,-187,-252,-77,-83,-91,-344,-348,-330,-322,-384,-383,-372,-372,-356,-296,-293,-284,-292,-252,-301,-283,-442,-445,-457,-309,-293,-297,-270,-288,-1102,-903,-852,-833,-1543,-1469,-1372,-1230,-1942,-1697,-5097,-1900]} 1. e4 c6 2. d4 d5 3. Nd2 g6 4. Ngf3 Bg7 5. c3 Nh6 6. Bd3 O-O 7. O-O f6 8. c4 e6 9. Re1 Nf7 10. Nb3 {B12: Caro-Kann: Advance Variation} (10. b4 b6 11. Qb3 dxe4 12. Nxe4 Re8 13. Bb2 f5 14. Ng3 c5 15. Rad1 cxb4 16. Qxb4 Bb7 17. Be2 Nc6 18. Qa3 Qc7 19. c5 {½-½ (19) Godena,M (2561)-Garcia Palermo,C (2440) Arvier 2010}) 10... b6 11. cxd5 $146 ({Predecessor:} 11. h3 a5 12. a4 Ba6 13. Qc2 Nd6 14. Nbd2 Bb7 15. b3 Na6 {½-½ (57) Berezjuk,S (2410)-Kalinin,O (2440) Czechia 1997}) 11... exd5 12. exd5 {White is slightly better.} cxd5 13. Bf4 Bb7 14. Bc1 Bc8 15. Bf4 Bb7 16. Qd2 Nc6 17. Rac1 Qd7 18. h3 Rfc8 19. Rc3 Bf8 20. a3 Nd6 21. Bxd6 Bxd6 22. Qc2 Ne7 23. Nc1 Rxc3 24. Qxc3 Rc8 25. Qd2 Nc6 26. Nb3 Nd8 27. Qe3 Bf8 28. Nh2 Qd6 29. Ng4 Rc7 30. Qf3 Kg7 31. Re8 Rf7 32. Nc1 $132 {[%cal Bb3c1,Bc1e2,Be2c3][%mdl 2080] White is not keeping still} Bc6 33. Re1 Ne6 34. Ne2 h5 35. Nh2 f5 ({Black should try} 35... Re7 $11 36. Rf1 Bb7) 36. h4 (36. Qe3 $1 $14) 36... f4 (36... Be7 $11) 37. Bb1 $16 Bb5 38. Nc3 Nxd4 $2 ({Black should play} 38... Bd7 $1 $14) 39. Qd1 $18 Qc5 {[#]} 40. Re5 $1 ({Don't play} 40. Nxb5 $6 Nxb5 41. Re6 Rf6 $16) 40... f3 41. gxf3 $2 ({White must play} 41. Nxf3 $18 Nxf3+ 42. gxf3) 41... Bc6 42. Ne4 (42. Rg5 $5 {[%cal Rg5g6]} Nf5 43. Bxf5 Rxf5 44. Rxf5 gxf5 45. Ne2 $11) 42... Qc4 {Played: Qc5-c1} 0-1

[Event "2nd Goa GM Open 2019"]
[Site "Goa"]
[Date "2019.06.25"]
[Round "10.14"]
[White "Iniyan, P."]
[Black "Mendonca, Leon Luke"]
[Result "1/2-1/2"]
[WhiteElo "2525"]
[BlackElo "2405"]
[Annotator "ChessBase"]
[PlyCount "105"]
[EventDate "2019.06.17"]
[EventType "swiss"]
[EventCountry "IND"]
[SourceTitle "playchess.com"]
[Source "ChessBase"]
[SourceQuality "1"]
[TimeControl "5400+30"]

1. e4 {[%emt 0:00:15]} c5 {[%emt 0:00:00]} 2. Nf3 {[%emt 0:00:06]} d6 {[%emt 0:00:00]} 3. d4 {[%emt 0:00:04]} cxd4 {[%emt 0:00:00]} 4. Nxd4 {[%emt 0:00:06]} Nf6 {[%emt 0:00:00]} 5. Nc3 {[%emt 0:00:07]} a6 {[%emt 0:00:13]} 6. h3 {[%emt 0:00:06]} e5 {[%emt 0:00:22]} 7. Nb3 {[%emt 0:00:05]} Be6 {[%emt 0:01:39]} 8. Be3 {[%emt 0:00:10]} Be7 {[%emt 0:00:06]} 9. f4 {[%emt 0:01:13]} exf4 {[%emt 0:00:54]} 10. Bxf4 {[%emt 0:00:08]} Nc6 {[%emt 0:00:11]} 11. Qe2 {[%emt 0:01:56]} Nd7 {[%emt 0:00:42]} 12. O-O-O {[%emt 0:03:58]} Nce5 {[%emt 0:00:03]} 13. Kb1 {[%emt 0:05:06]} O-O {[%emt 0:00:37]} 14. Nd4 {[%emt 0:01:37]} Rc8 {[%emt 0:02:41]} 15. Qd2 {[%emt 0:00:08]} Nb6 {[%emt 0:07:37]} 16. Nxe6 {[%emt 0:23:02]} fxe6 {[%emt 0:00:13]} 17. Bxe5 {[%emt 0:00:06]} dxe5 {[%emt 0:00:09]} 18. Qxd8 {[%emt 0:00:04]} Rcxd8 {[%emt 0:20:31]} 19. Rxd8 {[%emt 0:00:25]} Bxd8 {[%emt 0:00:45]} 20. Be2 {[%emt 0:00:07]} Rf2 {[%emt 0:13:59]} 21. Rf1 {[%emt 0:00:07]} Rxf1+ {[%emt 0:03:54]} 22. Bxf1 {[%emt 0:00:07]} Be7 {[%emt 0:00:45]} 23. a3 {[%emt 0:01:42]} Bc5 {[%emt 0:07:10]} 24. b4 {[%emt 0:04:22]} Bd4 {[%emt 0:03:25]} 25. Nd1 {[%emt 0:01:46]} Na4 {[%emt 0:05:04]} 26. c4 {[%emt 0:00:13]} Nc3+ {[%emt 0:04:26]} 27. Nxc3 {[%emt 0:00:07]} Bxc3 {[%emt 0:00:01]} 28. Kc2 {[%emt 0:02:13]} Bd4 {[%emt 0:01:35]} 29. Kb3 {[%emt 0:00:30]} Kf7 {[%emt 0:01:18]} 30. c5 {[%emt 0:00:47]} Ke7 {[%emt 0:01:43]} 31. Ka4 {[%emt 0:00:13]} Bb2 {[%emt 0:02:47]} 32. Kb3 {[%emt 0:00:19]} Bd4 {[%emt 0:00:03]} 33. Ka4 {[%emt 0:00:08]} Bb2 {[%emt 0:00:01]} 34. b5 {[%emt 0:00:10]} axb5+ {[%emt 0:02:27]} 35. Bxb5 {[%emt 0:00:28]} Bd4 {[%emt 0:05:00]} 36. Kb4 {[%emt 0:00:11]} b6 {[%emt 0:01:55]} 37. cxb6 {[%emt 0:00:59]} Bxb6 {[%emt 0:00:04]} 38. Bc4 {[%emt 0:00:06]} Kd6 {[%emt 0:01:13]} 39. Kb5 {[%emt 0:00:08]} Bf2 {[%emt 0:00:51]} 40. Ka6 {[%emt 0:02:50]} Kc7 {[%emt 0:00:14]} 41. Bxe6 {[%emt 0:01:19]} h5 {[%emt 0:00:49]} 42. Bf7 {[%emt 0:00:19]} h4 {[%emt 0:00:04]} 43. Bg6 {[%emt 0:00:11]} Bg3 {[%emt 0:01:25]} 44. Kb5 {[%emt 0:00:06]} Kb7 {[%emt 0:00:28]} 45. Kc5 {[%emt 0:01:07]} Ka6 {[%emt 0:00:08]} 46. Kd5 {[%emt 0:00:04]} Ka5 {[%emt 0:00:13]} 47. Be8 {[%emt 0:00:28]} g5 {[%emt 0:00:01]} 48. Ke6 {[%emt 0:00:08]} Bf4 {[%emt 0:00:11]} 49. Kf5 {[%emt 0:00:04]} Kb6 {[%emt 0:00:07]} 50. a4 {[%emt 0:00:08]} Ka5 {[%emt 0:00:01]} 51. Bd7 {[%emt 0:00:10]} Kb6 {[%emt 0:00:02]} 52. Be8 {[%emt 0:00:07]} Ka5 {[%emt 0:00:00]} 53. Bd7 {[%emt 0:00:09]} 1/2-1/2

[Event "2nd Goa GM Open 2019"]
[Site "Goa"]
[Date "2019.06.25"]
[Round "10.15"]
[White "Bharath Subramaniyam H"]
[Black "Malakhatko, Vadim"]
[Result "1-0"]
[WhiteElo "2383"]
[BlackElo "2505"]
[Annotator "TA"]
[PlyCount "85"]
[EventDate "2019.06.17"]
[EventType "swiss"]
[EventCountry "IND"]
[SourceTitle "playchess.com"]
[Source "ChessBase"]
[SourceQuality "1"]

{[%evp 9,85,41,40,45,45,47,46,39,47,41,35,33,24,0,0,0,7,0,18,16,16,29,17,24,20,25,18,0,0,0,35,37,32,41,33,10,9,32,32,37,18,41,30,20,16,37,54,0,0,-57,33,0,0,0,0,0,0,0,150,153,168,148,243,239,252,140,123,93,243,256,500,468,733,735,709,677,1019,984]} 1. e4 e6 2. d4 d5 3. Nc3 h6 4. Bd3 (4. Nf3 Nf6 5. Bd3 Bb4 6. exd5 exd5 7. O-O O-O 8. h3 Re8 9. Re1 Rxe1+ 10. Qxe1 c6 11. Bf4 Na6 12. a3 Bf8 13. Ne2 Nc7 14. Ne5 Nce8 15. c3 Nd6 {1-0 (25) Kobalia,M (2610)-Antipov,M (2595) Sochi 2019}) 4... Nc6 5. Nf3 Nb4 6. Bb5+ {C10: French with 3 Nc3: Unusual Black 3rd moves and 3...dxe4} c6 7. Be2 Nf6 8. e5 {White is slightly better.} Ne4 9. O-O c5 10. dxc5 $146 ({Predecessor:} 10. Nxe4 dxe4 11. Nd2 Nc6 12. dxc5 {0-1 (41) Baglan,E (2314)-Low,Z (2387) Veliko Gradiste 2018}) 10... Bxc5 11. Nb5 Nc6 12. c3 O-O 13. Bd3 a6 14. Nbd4 Qc7 15. Nxc6 bxc6 16. Qe2 f5 17. exf6 Nxf6 18. Ne5 Nd7 19. Ng6 Rf6 {[#]} 20. Bf4 $1 {[%mdl 512]} Rxf4 21. Nxf4 (21. Qxe6+ $2 Rf7 $19) 21... Qxf4 22. Qxe6+ Kh8 $1 {Strongly threatening ...Ne5.} 23. Qxc6 Rb8 $1 24. Rae1 ({Of course not} 24. Qg6 Nf8 $17) 24... Qf8 $1 25. b4 Bd6 26. Qxd5 $40 {[%mdl 128] aiming for Re6. White attacks.} Nf6 $1 {[%cal Rf6d5]} 27. Qd4 Bb7 28. Kh1 (28. Bc2 $14) 28... Rd8 $11 29. Qb6 (29. Bg6 $11) 29... Ba8 ({Black should try} 29... Bxg2+ $1 $15 30. Kxg2 Nd5) 30. Bg6 Bd5 31. Qxa6 Qg8 32. Qb6 Bc4 33. Rg1 Ng4 {[#]} (33... Qf8 $11 34. Re3 Rc8) 34. h3 $1 $16 {[%cal Rh3g4]} Ne5 35. Be4 Bb8 (35... Be6 $16 {might work better.} 36. Rd1 Nc4) 36. Rd1 $18 Re8 37. a3 (37. f4 $18) 37... Qf8 $16 38. Qd4 Qf7 {[#]} (38... Re7 $16 {was called for.}) 39. Rge1 $1 $18 Ba7 $2 (39... Rf8 40. Rd2 Bb5) 40. Bd5 {White is clearly winning.} Qd7 (40... Bxd5 $142 41. Qxd5 Qf6) 41. Qe4 Bb5 42. f4 Ba4 43. Bb3 {Accuracy: White = 69%, Black = 55%.} 1-0

[Event "2nd Goa GM Open 2019"]
[Site "Goa"]
[Date "2019.06.25"]
[Round "10.16"]
[White "Kunte, Abhijit"]
[Black "Mitrabha, Guha"]
[Result "1-0"]
[WhiteElo "2478"]
[BlackElo "2341"]
[Annotator "ChessBase"]
[PlyCount "155"]
[EventDate "2019.06.17"]
[EventType "swiss"]
[EventCountry "IND"]
[SourceTitle "playchess.com"]
[Source "ChessBase"]
[SourceQuality "1"]
[TimeControl "5400+30"]

1. c4 {[%emt 0:00:00]} c5 {[%emt 0:00:00]} 2. g3 {[%emt 0:00:06]} Nc6 {[%emt 0:00:00]} 3. Bg2 {[%emt 0:00:09]} g6 {[%emt 0:00:00]} 4. Nc3 {[%emt 0:03:17]} Bg7 {[%emt 0:00:00]} 5. Nf3 {[%emt 0:00:04]} e6 {[%emt 0:00:09]} 6. d3 {[%emt 0:02:50]} Nge7 {[%emt 0:00:06]} 7. h4 {[%emt 0:00:54]} h6 {[%emt 0:00:49]} 8. O-O {[%emt 0:05:46]} O-O {[%emt 0:00:28]} 9. Bf4 {[%emt 0:00:09]} d5 {[%emt 0:01:15]} 10. cxd5 {[%emt 0:00:12]} exd5 {[%emt 0:00:08]} 11. Qc1 {[%emt 0:05:43]} Kh7 {[%emt 0:01:55]} 12. Nb5 {[%emt 0:01:35]} Bg4 {[%emt 0:04:23]} 13. Qxc5 {[%emt 0:01:33]} Bxb2 {[%emt 0:00:16]} 14. Rab1 {[%emt 0:00:22]} Bg7 {[%emt 0:00:05]} 15. e3 {[%emt 0:12:51]} b6 {[%emt 0:14:51]} 16. Qd6 {[%emt 0:00:59]} Qxd6 {[%emt 0:03:30]} 17. Bxd6 {[%emt 0:01:18]} Rfd8 {[%emt 0:01:06]} 18. Rfc1 {[%emt 0:00:34]} Rd7 {[%emt 0:01:33]} 19. d4 {[%emt 0:03:55]} Bf5 {[%emt 0:01:03]} 20. Rb3 {[%emt 0:03:17]} a6 {[%emt 0:11:12]} 21. Bxe7 {[%emt 0:01:13]} Na5 {[%emt 0:00:40]} 22. Ra3 {[%emt 0:10:08]} axb5 {[%emt 0:00:41]} 23. Bb4 {[%emt 0:00:08]} Rda7 {[%emt 0:00:13]} 24. Nd2 {[%emt 0:00:49]} Be6 {[%emt 0:00:24]} 25. Nb1 {[%emt 0:06:51]} Bf8 {[%emt 0:00:56]} 26. Bxf8 {[%emt 0:00:09]} Rxf8 {[%emt 0:00:01]} 27. Nc3 {[%emt 0:05:36]} b4 {[%emt 0:06:37]} 28. Nb5 {[%emt 0:00:06]} Raa8 {[%emt 0:00:17]} 29. Ra4 {[%emt 0:00:49]} b3 {[%emt 0:00:06]} 30. axb3 {[%emt 0:02:43]} Nxb3 {[%emt 0:00:03]} 31. Rxa8 {[%emt 0:00:07]} Rxa8 {[%emt 0:00:01]} 32. Rc2 {[%emt 0:00:07]} Ra1+ {[%emt 0:03:52]} 33. Kh2 {[%emt 0:00:08]} Rc1 {[%emt 0:02:48]} 34. Rxc1 {[%emt 0:00:48]} Nxc1 {[%emt 0:00:02]} 35. Nc3 {[%emt 0:00:07]} Nd3 {[%emt 0:00:04]} 36. Kg1 {[%emt 0:00:07]} Nb4 {[%emt 0:00:04]} 37. Na4 {[%emt 0:00:04]} Bd7 {[%emt 0:01:43]} 38. Nxb6 {[%emt 0:01:55]} Bc6 {[%emt 0:00:00]} 39. Kf1 {[%emt 0:00:25]} Bb5+ {[%emt 0:00:04]} 40. Ke1 {[%emt 0:01:06]} Nd3+ {[%emt 0:00:11]} 41. Kd2 {[%emt 0:00:52]} Nxf2 {[%emt 0:00:05]} 42. Nxd5 {[%emt 0:00:33]} Kg7 {[%emt 0:00:33]} 43. Nc3 {[%emt 0:00:41]} Bc4 {[%emt 0:00:17]} 44. e4 {[%emt 0:02:43]} g5 {[%emt 0:00:55]} 45. Bf3 {[%emt 0:00:39]} Nd3 {[%emt 0:04:41]} 46. hxg5 {[%emt 0:04:51]} hxg5 {[%emt 0:00:02]} 47. Be2 {[%emt 0:03:15]} Nb2 {[%emt 0:00:06]} 48. Nd1 {[%emt 0:00:23]} Bxe2 {[%emt 0:00:29]} 49. Nxb2 {[%emt 0:00:06]} Bb5 {[%emt 0:00:13]} 50. Nd1 {[%emt 0:00:43]} Kf6 {[%emt 0:00:08]} 51. Ne3 {[%emt 0:00:08]} Ke6 {[%emt 0:00:13]} 52. Nf5 {[%emt 0:00:44]} Bf1 {[%emt 0:00:36]} 53. Ke3 {[%emt 0:00:26]} f6 {[%emt 0:01:16]} 54. d5+ {[%emt 0:00:35]} Ke5 {[%emt 0:00:57]} 55. Nd4 {[%emt 0:00:07]} Kd6 {[%emt 0:00:31]} 56. Nf3 {[%emt 0:02:08]} Bg2 {[%emt 0:00:27]} 57. Ne1 {[%emt 0:00:10]} Bh1 {[%emt 0:03:28]} 58. Kd4 {[%emt 0:00:07]} Kd7 {[%emt 0:00:03]} 59. Nc2 {[%emt 0:00:42]} Bf3 {[%emt 0:00:24]} 60. Ne3 {[%emt 0:00:19]} Ke7 {[%emt 0:00:29]} 61. e5 {[%emt 0:01:19]} fxe5+ {[%emt 0:00:10]} 62. Kxe5 {[%emt 0:00:06]} Kd7 {[%emt 0:00:11]} 63. Nc4 {[%emt 0:04:01]} Ke7 {[%emt 0:01:04]} 64. Nd2 {[%emt 0:01:16]} Be2 {[%emt 0:00:27]} 65. Ne4 {[%emt 0:01:01]} g4 {[%emt 0:00:05]} 66. Nf6 {[%emt 0:00:03]} Bd1 {[%emt 0:00:39]} 67. d6+ {[%emt 0:01:28]} Kd8 {[%emt 0:00:02]} 68. Ke6 {[%emt 0:00:53]} Be2 {[%emt 0:00:34]} 69. Kf5 {[%emt 0:02:12]} Kc8 {[%emt 0:00:07]} 70. Ke5 {[%emt 0:01:03]} Kd8 {[%emt 0:00:09]} 71. Ne4 {[%emt 0:00:16]} Kd7 {[%emt 0:00:40]} 72. Nc5+ {[%emt 0:00:09]} Kd8 {[%emt 0:00:06]} 73. Kf6 {[%emt 0:00:12]} Bc4 {[%emt 0:01:18]} 74. Kf5 {[%emt 0:00:36]} Be2 {[%emt 0:00:08]} 75. Ke6 {[%emt 0:00:16]} Bc4+ {[%emt 0:00:03]} 76. Ke5 {[%emt 0:00:03]} Be2 {[%emt 0:00:59]} 77. Kd5 {[%emt 0:00:08]} Bf1 {[%emt 0:00:27]} 78. d7 {[%emt 0:00:17]} 1-0

[Event "2nd Goa GM Open 2019"]
[Site "Goa"]
[Date "2019.06.25"]
[Round "10.17"]
[White "Rathanvel, V S"]
[Black "Kostenko, Petr"]
[Result "1/2-1/2"]
[WhiteElo "2314"]
[BlackElo "2473"]
[Annotator "ChessBase"]
[PlyCount "100"]
[EventDate "2019.06.17"]
[EventType "swiss"]
[EventCountry "IND"]
[SourceTitle "playchess.com"]
[Source "ChessBase"]
[SourceQuality "1"]
[TimeControl "5400+30"]

1. e4 {[%emt 0:00:00]} e6 {[%emt 0:00:02]} 2. d4 {[%emt 0:00:00]} d5 {[%emt 0:00:07]} 3. Nc3 {[%emt 0:00:00]} Bb4 {[%emt 0:00:10]} 4. e5 {[%emt 0:00:00]} c5 {[%emt 0:00:07]} 5. a3 {[%emt 0:00:04]} Bxc3+ {[%emt 0:00:05]} 6. bxc3 {[%emt 0:00:07]} Nc6 {[%emt 0:00:06]} 7. Qg4 {[%emt 0:04:28]} g6 {[%emt 0:01:03]} 8. Nf3 {[%emt 0:00:13]} Qa5 {[%emt 0:00:07]} 9. Bd2 {[%emt 0:00:08]} Qa4 {[%emt 0:00:03]} 10. Bd3 {[%emt 0:00:15]} c4 {[%emt 0:00:04]} 11. Be2 {[%emt 0:00:06]} Bd7 {[%emt 0:00:12]} 12. O-O {[%emt 0:01:01]} h6 {[%emt 0:00:08]} 13. Ra2 {[%emt 0:06:21]} O-O-O {[%emt 0:00:07]} 14. h4 {[%emt 0:08:00]} Rf8 {[%emt 0:00:11]} 15. Nh2 {[%emt 0:09:10]} f6 {[%emt 0:10:38]} 16. f4 {[%emt 0:08:15]} Nge7 {[%emt 0:00:45]} 17. exf6 {[%emt 0:05:19]} Rxf6 {[%emt 0:00:06]} 18. Qg3 {[%emt 0:00:06]} Nf5 {[%emt 0:00:11]} 19. Qf2 {[%emt 0:00:04]} Rff8 {[%emt 0:00:46]} 20. Ng4 {[%emt 0:03:49]} Qa5 {[%emt 0:01:17]} 21. Bf3 {[%emt 0:07:16]} Rhg8 {[%emt 0:03:54]} 22. g3 {[%emt 0:08:37]} Qd8 {[%emt 0:04:58]} 23. Raa1 {[%emt 0:03:37]} Kb8 {[%emt 0:03:51]} 24. Rae1 {[%emt 0:03:41]} Ka8 {[%emt 0:00:08]} 25. Kg2 {[%emt 0:02:34]} h5 {[%emt 0:03:04]} 26. Ne5 {[%emt 0:03:28]} Nxe5 {[%emt 0:00:51]} 27. fxe5 {[%emt 0:00:11]} g5 {[%emt 0:15:02]} 28. Bxg5 {[%emt 0:00:52]} Rxg5 {[%emt 0:00:50]} 29. hxg5 {[%emt 0:00:05]} Qxg5 {[%emt 0:00:03]} 30. Rh1 {[%emt 0:00:34]} Be8 {[%emt 0:05:33]} 31. Rh3 {[%emt 0:01:04]} Rg8 {[%emt 0:01:59]} 32. Reh1 {[%emt 0:11:43]} h4 {[%emt 0:02:53]} 33. g4 {[%emt 0:00:04]} Kb8 {[%emt 0:00:11]} 34. Rxh4 {[%emt 0:00:54]} Nxh4+ {[%emt 0:00:06]} 35. Qxh4 {[%emt 0:00:37]} Qd2+ {[%emt 0:00:20]} 36. Kg3 {[%emt 0:00:05]} Bd7 {[%emt 0:06:11]} 37. Qe7 {[%emt 0:10:25]} Bc8 {[%emt 0:02:26]} 38. Rh7 {[%emt 0:00:30]} Qxc3 {[%emt 0:01:28]} 39. Qf7 {[%emt 0:00:44]} Qe1+ {[%emt 0:00:16]} 40. Kg2 {[%emt 0:01:31]} Qd2+ {[%emt 0:00:39]} 41. Kh3 {[%emt 0:00:08]} Qg5 {[%emt 0:00:13]} 42. Qf6 {[%emt 0:03:08]} Qe3 {[%emt 0:00:59]} 43. Qf7 {[%emt 0:00:17]} Qg5 {[%emt 0:03:51]} 44. Qf6 {[%emt 0:00:10]} Qc1 {[%emt 0:00:20]} 45. Qf7 {[%emt 0:00:26]} Qg5 {[%emt 0:08:37]} 46. Qf6 {[%emt 0:00:42]} Qe3 {[%emt 0:00:05]} 47. Qf7 {[%emt 0:01:05]} Qg5 {[%emt 0:00:05]} 48. Qf6 {[%emt 0:00:04]} Qe3 {[%emt 0:00:05]} 49. Qf7 {[%emt 0:00:07]} Qg5 {[%emt 0:00:06]} 50. Qf6 {[%emt 0:00:08]} Qe3 {[%emt 0:00:10]} 1/2-1/2

[Event "2nd Goa GM Open 2019"]
[Site "Goa"]
[Date "2019.06.25"]
[Round "10.18"]
[White "Michelle Catherina, P."]
[Black "Lugovskoy, Maxim"]
[Result "0-1"]
[WhiteElo "2182"]
[BlackElo "2451"]
[Annotator "TA"]
[PlyCount "66"]
[EventDate "2019.06.17"]
[EventType "swiss"]
[EventCountry "IND"]
[SourceTitle "playchess.com"]
[Source "ChessBase"]
[SourceQuality "1"]

{[%evp 10,76,10,0,12,5,22,15,16,14,18,10,49,22,27,16,16,8,9,1,3,17,37,45,37,44,53,52,40,39,60,41,44,-21,-15,-14,-24,-25,-18,-168,-160,-127,-25,-35,0,0,0,-44,-6,-369,-351,-316,-352,-326,-315,-894,-895,-843,-677,-665,-650,-872,-691,-1127,-1091,-29993,-29994,-29994,-29994]} 1. e4 e6 2. d4 d5 3. Nc3 Nf6 4. e5 Nfd7 5. f4 c5 6. Nf3 Be7 {C11: French: Classical System: 4 e5 and 4 Bg5 dxe4} 7. Be3 b6 8. Qd2 O-O {The position is equal.} 9. Nd1 a5 10. c3 f5 $146 ({Predecessor:} 10... a4 11. Bd3 Ba6 12. Bxa6 Rxa6 13. O-O Nc6 14. Bf2 {1-0 (42) Hou,Y (2652)-Piorun,K (2644) Tbilisi 2017}) 11. exf6 Nxf6 12. Nf2 Bd6 13. Ne5 cxd4 14. Bxd4 Nfd7 15. Nfd3 Ba6 16. Qe3 Qc7 17. Nxd7 Nxd7 18. Qxe6+ Kh8 19. O-O-O ({Reject} 19. Qxd5 Rae8+ 20. Kd1 Bb7 $17) 19... Rae8 20. Qh3 Bc8 21. Qh4 (21. g4 $14) 21... Re4 $1 $11 {[%cal Re4d4]} 22. Kb1 Nc5 $1 23. g4 {Threatens to win with Ne5.} Ne6 $1 $36 {[%mdl 2112] Double Attack. Black has the initiative.} 24. Be5 (24. Rc1 $11 {and White has nothing to worry.}) 24... Bxe5 $19 25. fxe5 Re3 ({Black should play} 25... d4 $1 $17 {[%cal Rd4c3]} 26. Nc1 dxc3) 26. Nc1 Nf4 {[%mdl 1024] Black has compensation.} (26... g5 $5 {[%cal Rg5h4]} 27. Qh6 Qg7 28. Qxg7+ Kxg7 $11) 27. Nd3 Ne6 28. Nc1 h6 (28... g5 $5 {[%cal Rg5h4]} 29. Qh6 Qg7 30. Qxg7+ Kxg7 $11) 29. Bg2 $2 {[%mdl 8192] [#]} (29. Bd3 $11 {and White is okay.}) 29... Kh7 $1 30. g5 {[#]} Rf4 $1 {[%cal Rf4h4]} ({Weaker is} 30... Nxg5 31. Qd4 $15) 31. Qh5 Nxg5 32. Rxd5 $2 (32. Qe8 Bd7 33. Qa8) 32... Bf5+ 33. Ka1 {[#]} Rf2 {Played: Re3xc3} 0-1